King Solomon's Ring : New Light on Animal Ways (Record no. 592012)

MARC details
000 -LEADER
fixed length control field 00442nam a2200145Ia 4500
008 - FIXED-LENGTH DATA ELEMENTS--GENERAL INFORMATION
fixed length control field 100415s9999 xx 000 0 und d
082 ## - DEWEY DECIMAL CLASSIFICATION NUMBER
Item number 9073
Classification number 591.51
100 ## - MAIN ENTRY--PERSONAL NAME
Personal name Huxley Julian
245 ## - TITLE STATEMENT
Title King Solomon's Ring : New Light on Animal Ways
260 ## - PUBLICATION, DISTRIBUTION, ETC. (IMPRINT)
Place of publication, distribution, etc LONDON
Date of publication, distribution, etc 1952
Name of publisher, distributor, etc PAN BOOKS LTD
365 ## - TRADE PRICE
Price amount 0
630 ## - SUBJECT ADDED ENTRY--UNIFORM TITLE
Uniform title King Solomon's Ring : New Light on Animal Ways
730 ## - ADDED ENTRY--UNIFORM TITLE
Uniform title King Solomon's Ring : New Light on Animal Ways
942 ## - ADDED ENTRY ELEMENTS (KOHA)
Koha item type Book
Holdings
Withdrawn status Lost status Damaged status Not for loan Home library Current library Date acquired Cost, normal purchase price Total Checkouts Full call number Barcode Date last seen Price effective from Koha item type
        Bombay Natural History Society Bombay Natural History Society 11/20/1997 0.00   591.51 9073 BNHS-9073 04/15/2010 04/15/2010 Book